[Event "45th FIDE Chess Olympiad Open"]
[Site "Budapest, Hungary"]
[Date "2024.09.20"]
[Round "9"]
[White "Caruana, Fabiano"]
[Black "Rapport, Richard"]
[Result "1/2-1/2"]
[Board "5"]
[WhiteFideId "2020009"]
[BlackFideId "738590"]
[WhiteTitle "GM"]
[BlackTitle "GM"]
[WhiteElo "2798"]
[BlackElo "2715"]
[WhiteTeam "United States of America"]
[BlackTeam "Hungary"]
[WhiteClock "0:02:45"]
[BlackClock "0:01:06"]
[Variant "Standard"]

1. e4 {[%clk 1:30:53]}  c5 {[%clk 1:27:43]} 2. Nf3 {[%clk 1:31:13]}  Nc6 {[%clk 1:28:05]} 3. Bb5 {[%clk 1:31:37]}  g6 {[%clk 1:28:28]} 4. O-O {[%clk 1:31:31]}  Bg7 {[%clk 1:28:53]} 5. Re1 {[%clk 1:30:57]}  e5 {[%clk 1:29:10]} 6. Bxc6 {[%clk 1:31:21]}  dxc6 {[%clk 1:29:34]} 7. a4 {[%clk 1:31:06]}  Qc7 {[%clk 1:22:30]} 8. Na3 {[%clk 1:29:18]}  a5 {[%clk 1:21:39]} 9. d3 {[%clk 1:16:09]}  Nf6 {[%clk 1:19:43]} 10. Be3 {[%clk 1:15:06]}  b6 {[%clk 1:19:48]} 11. Nc4 {[%clk 1:13:06]}  Nd7 {[%clk 1:16:24]} 12. Qd2 {[%clk 1:06:17]}  h6 {[%clk 1:15:25]} 13. c3 {[%clk 1:00:24]}  Ba6 {[%clk 1:15:06]} 14. b3 {[%clk 1:00:43]}  Bxc4 {[%clk 1:14:59]} 15. bxc4 {[%clk 0:59:40]}  O-O-O {[%clk 1:15:20]} 16. Qc2 {[%clk 0:57:18]}  Kb7 {[%clk 1:14:46]} 17. Rab1 {[%clk 0:54:43]}  Rhe8 {[%clk 1:09:23]} 18. Qc1 {[%clk 0:44:06]}  g5 {[%clk 0:52:33]} 19. h4 {[%clk 0:40:41]}  g4 {[%clk 0:44:21]} 20. Nh2 {[%clk 0:41:02]}  Qd6 {[%clk 0:44:13]} 21. Qd1 {[%clk 0:37:20]}  h5 {[%clk 0:43:16]} 22. Nf1 {[%clk 0:37:23]}  Bh6 {[%clk 0:37:55]} 23. Ng3 {[%clk 0:36:01]}  Bxe3 {[%clk 0:37:06]} 24. fxe3 {[%clk 0:35:43]}  Nf6 {[%clk 0:24:33]} 25. Rf1 {[%clk 0:33:16]}  Ka6 {[%clk 0:23:36]} 26. Rb2 {[%clk 0:27:11]}  Re6 {[%clk 0:23:24]} 27. Qb1 {[%clk 0:26:52]}  Rb8 {[%clk 0:22:58]} 28. Rf5 {[%clk 0:26:26]}  Rb7 {[%clk 0:20:48]} 29. Kh2 {[%clk 0:21:24]}  Qd8 {[%clk 0:20:43]} 30. Kg1 {[%clk 0:10:08]}  Ne8 {[%clk 0:19:48]} 31. Rg5 {[%clk 0:05:07]}  Nf6 {[%clk 0:15:46]} 32. Qf1 {[%clk 0:03:13]}  Rd7 {[%clk 0:14:15]} 33. Rd2 {[%clk 0:02:48]}  Ka7 {[%clk 0:14:38]} 34. Rf5 {[%clk 0:02:01]}  Ka6 {[%clk 0:14:07]} 35. Rd1 {[%clk 0:01:47]}  Ka7 {[%clk 0:13:20]} 36. Rd2 {[%clk 0:02:10]}  Ka6 {[%clk 0:13:48]} 37. Rd1 {[%clk 0:02:38]}  Ka7 {[%clk 0:14:15]} 38. Qf2 {[%clk 0:02:27]}  Ka6 {[%clk 0:14:13]} 39. Qe2 {[%clk 0:01:05]}  Ka7 {[%clk 0:13:02]} 40. Qf1 {[%clk 0:01:07]}  Kb7 {[%clk 0:03:40]} 41. Rf2 {[%clk 0:29:59]}  Ka7 {[%clk 0:30:09]} 42. Rfd2 {[%clk 0:27:09]}  Ne8 {[%clk 0:25:17]} 43. d4 {[%clk 0:26:47]}  Qxh4 {[%clk 0:20:28]} 44. Nf5 {[%clk 0:24:56]}  Qd8 {[%clk 0:20:34]} 45. Rd3 {[%clk 0:17:39]}  cxd4 {[%clk 0:12:40]} 46. cxd4 {[%clk 0:16:31]}  c5 {[%clk 0:12:30]} 47. dxc5 {[%clk 0:15:13]}  Rxd3 {[%clk 0:12:49]} 48. Rxd3 {[%clk 0:15:41]}  Qc7 {[%clk 0:12:30]} 49. cxb6+ {[%clk 0:12:52]}  Rxb6 {[%clk 0:12:33]} 50. Rd5 {[%clk 0:12:57]}  Rb7 {[%clk 0:08:21]} 51. Qa1 {[%clk 0:04:31]}  g3 {[%clk 0:05:47]} 52. Nxg3 {[%clk 0:04:44]}  Nf6 {[%clk 0:06:14]} 53. Rxe5 {[%clk 0:02:38]}  Rb1+ {[%clk 0:03:51]} 54. Qxb1 {[%clk 0:03:05]}  Qxe5 {[%clk 0:04:19]} 55. Qe1 {[%clk 0:02:00]}  Ng4 {[%clk 0:03:59]} 56. Nf1 {[%clk 0:02:06]}  Nf6 {[%clk 0:03:10]} 57. Qd2 {[%clk 0:01:30]}  Kb7 {[%clk 0:02:44]} 58. Qd8 {[%clk 0:01:12]}  Nxe4 {[%clk 0:02:00]} 59. Qd7+ {[%clk 0:01:38]}  Kb6 {[%clk 0:02:27]} 60. Qxf7 {[%clk 0:02:04]}  Kc5 {[%clk 0:01:21]} 61. Qb7 {[%clk 0:00:56]}  Nc3 {[%clk 0:01:48]} 62. Qb3 {[%clk 0:00:46]}  h4 {[%clk 0:02:16]} 63. Kf2 {[%clk 0:00:36]}  Qf5+ {[%clk 0:02:06]} 64. Ke1 {[%clk 0:00:34]}  Qd3 {[%clk 0:02:20]} 65. Qb2 {[%clk 0:01:01]}  Kc6 {[%clk 0:01:22]} 66. e4 {[%clk 0:00:36]}  Kc7 {[%clk 0:00:46]} 67. c5 {[%clk 0:00:35]}  Qd1+ {[%clk 0:00:33]} 68. Kf2 {[%clk 0:01:02]}  Qd4+ {[%clk 0:00:58]} 69. Ke1 {[%clk 0:01:27]}  Qd1+ {[%clk 0:01:18]} 70. Kf2 {[%clk 0:01:54]}  Qd4+ {[%clk 0:01:30]} 71. Ke1 {[%clk 0:02:13]}  Qxe4+ {[%clk 0:03:56]} 72. Kd2 {[%clk 0:02:40]}  Nd5 {[%clk 0:03:35]} 73. Qb5 {[%clk 0:01:53]}  Qd4+ {[%clk 0:01:35]} 74. Ke1 {[%clk 0:02:03]}  Qe5+ {[%clk 0:00:45]} 75. Kf2 {[%clk 0:02:18]}  Qd4+ {[%clk 0:01:06]} 76. Ke1 {[%clk 0:02:45]} 1/2-1/2

[Event "45th FIDE Chess Olympiad Open"]
[Site "Budapest, Hungary"]
[Date "2024.09.20"]
[Round "9"]
[White "Leko, Peter"]
[Black "So, Wesley"]
[Result "1/2-1/2"]
[Board "6"]
[WhiteFideId "703303"]
[BlackFideId "5202213"]
[WhiteTitle "GM"]
[BlackTitle "GM"]
[WhiteElo "2666"]
[BlackElo "2752"]
[WhiteTeam "Hungary"]
[BlackTeam "United States of America"]
[WhiteClock "0:11:29"]
[BlackClock "0:05:27"]
[Variant "Standard"]

1. e4 {[%clk 1:29:49]}  e6 {[%clk 1:29:51]} 2. d4 {[%clk 1:29:52]}  d5 {[%clk 1:30:15]} 3. Nc3 {[%clk 1:30:13]}  Bb4 {[%clk 1:30:08]} 4. e5 {[%clk 1:30:02]}  c5 {[%clk 1:30:24]} 5. a3 {[%clk 1:30:25]}  Ba5 {[%clk 1:30:25]} 6. b4 {[%clk 1:18:26]}  cxd4 {[%clk 1:30:45]} 7. Nb5 {[%clk 1:12:02]}  Bc7 {[%clk 1:31:08]} 8. f4 {[%clk 1:12:18]}  Bd7 {[%clk 1:31:31]} 9. Nxc7+ {[%clk 0:59:09]}  Qxc7 {[%clk 1:31:57]} 10. Bb2 {[%clk 0:57:28]}  Ba4 {[%clk 1:31:37]} 11. Bd3 {[%clk 0:55:52]}  Nc6 {[%clk 1:25:24]} 12. Nf3 {[%clk 0:56:11]}  Nge7 {[%clk 1:25:33]} 13. O-O {[%clk 0:54:57]}  Qb6 {[%clk 1:10:42]} 14. Kh1 {[%clk 0:51:35]}  Bb5 {[%clk 1:10:26]} 15. Bxd4 {[%clk 0:49:08]}  Nxd4 {[%clk 1:09:07]} 16. Nxd4 {[%clk 0:49:36]}  Bxd3 {[%clk 1:07:46]} 17. Qxd3 {[%clk 0:50:04]}  g6 {[%clk 1:03:18]} 18. Qb5+ {[%clk 0:35:58]}  Kf8 {[%clk 0:50:57]} 19. Qxb6 {[%clk 0:32:12]}  axb6 {[%clk 0:51:05]} 20. Nb5 {[%clk 0:31:13]}  Kg7 {[%clk 0:44:45]} 21. c3 {[%clk 0:30:19]}  Nf5 {[%clk 0:40:04]} 22. Rf3 {[%clk 0:29:13]}  h5 {[%clk 0:40:29]} 23. g3 {[%clk 0:28:44]}  Rac8 {[%clk 0:36:50]} 24. Kg2 {[%clk 0:23:58]}  Rc4 {[%clk 0:37:13]} 25. h4 {[%clk 0:21:47]}  Kf8 {[%clk 0:29:55]} 26. Rd3 {[%clk 0:20:44]}  Ke7 {[%clk 0:29:45]} 27. Kf3 {[%clk 0:20:34]}  Re4 {[%clk 0:27:42]} 28. a4 {[%clk 0:17:16]}  Ra8 {[%clk 0:25:15]} 29. Nc7 {[%clk 0:13:46]}  Rc8 {[%clk 0:24:10]} 30. Nb5 {[%clk 0:14:14]}  Ra8 {[%clk 0:10:41]} 31. Nc7 {[%clk 0:14:33]}  Rc8 {[%clk 0:08:02]} 32. Nb5 {[%clk 0:14:57]}  Kd7 {[%clk 0:06:41]} 33. Rad1 {[%clk 0:13:03]}  Rec4 {[%clk 0:05:25]} 34. Ra1 {[%clk 0:12:08]}  Re4 {[%clk 0:05:16]} 35. Rad1 {[%clk 0:12:30]}  Rec4 {[%clk 0:05:43]} 36. Ra1 {[%clk 0:12:54]}  Ke7 {[%clk 0:04:37]} 37. Ra3 {[%clk 0:08:37]}  Ra8 {[%clk 0:03:57]} 38. Ra2 {[%clk 0:06:04]}  Re4 {[%clk 0:01:32]} 39. Ra1 {[%clk 0:05:51]}  Kd7 {[%clk 0:01:29]} 40. Ra2 {[%clk 0:04:34]}  Rc8 {[%clk 0:00:34]} 41. Ra1 {[%clk 0:02:41]}  Ke7 {[%clk 0:27:49]} 42. Rad1 {[%clk 0:24:08]}  Rec4 {[%clk 0:25:42]} 43. Rb1 {[%clk 0:21:04]}  Kf8 {[%clk 0:18:49]} 44. Rb3 {[%clk 0:19:04]}  Rd8 {[%clk 0:11:09]} 45. Rb1 {[%clk 0:17:04]}  Ra8 {[%clk 0:09:10]} 46. Ra1 {[%clk 0:16:34]}  Rcc8 {[%clk 0:06:32]} 47. Ra3 {[%clk 0:16:14]}  Ke7 {[%clk 0:06:39]} 48. Rd2 {[%clk 0:15:09]}  Ra6 {[%clk 0:06:04]} 49. Rd1 {[%clk 0:14:54]}  Kd7 {[%clk 0:06:05]} 50. Rd2 {[%clk 0:15:05]}  Rc4 {[%clk 0:06:14]} 51. Rd3 {[%clk 0:14:44]}  Ra8 {[%clk 0:06:06]} 52. Ra1 {[%clk 0:11:37]}  Kc6 {[%clk 0:05:13]} 53. Ra3 {[%clk 0:11:05]}  Re4 {[%clk 0:05:14]} 54. Ra1 {[%clk 0:11:29]}  Rc4 {[%clk 0:05:27]} 1/2-1/2

[Event "45th FIDE Chess Olympiad Open"]
[Site "Budapest, Hungary"]
[Date "2024.09.20"]
[Round "9"]
[White "Dominguez Perez, Leinier"]
[Black "Sjugirov, Sanan"]
[Result "1-0"]
[Board "7"]
[WhiteFideId "3503240"]
[BlackFideId "4189302"]
[WhiteTitle "GM"]
[BlackTitle "GM"]
[WhiteElo "2748"]
[BlackElo "2644"]
[WhiteTeam "United States of America"]
[BlackTeam "Hungary"]
[WhiteClock "0:18:45"]
[BlackClock "0:04:22"]
[Variant "Standard"]

1. e4 {[%clk 1:30:24]}  c5 {[%clk 1:30:39]} 2. Nf3 {[%clk 1:30:46]}  d6 {[%clk 1:30:53]} 3. d4 {[%clk 1:31:03]}  cxd4 {[%clk 1:31:16]} 4. Nxd4 {[%clk 1:31:26]}  Nf6 {[%clk 1:31:40]} 5. Nc3 {[%clk 1:31:50]}  a6 {[%clk 1:32:04]} 6. Be3 {[%clk 1:31:32]}  e5 {[%clk 1:32:26]} 7. Nb3 {[%clk 1:31:53]}  Be7 {[%clk 1:32:50]} 8. f3 {[%clk 1:31:56]}  Be6 {[%clk 1:33:16]} 9. Qd2 {[%clk 1:32:12]}  O-O {[%clk 1:33:39]} 10. O-O-O {[%clk 1:32:33]}  Nbd7 {[%clk 1:34:02]} 11. g4 {[%clk 1:32:30]}  b5 {[%clk 1:34:28]} 12. g5 {[%clk 1:32:54]}  b4 {[%clk 1:34:54]} 13. Ne2 {[%clk 1:32:25]}  Ne8 {[%clk 1:34:17]} 14. f4 {[%clk 1:32:38]}  a5 {[%clk 1:34:37]} 15. f5 {[%clk 1:32:42]}  a4 {[%clk 1:34:54]} 16. fxe6 {[%clk 1:28:50]}  axb3 {[%clk 1:35:18]} 17. cxb3 {[%clk 1:20:20]}  fxe6 {[%clk 1:35:18]} 18. Kb1 {[%clk 1:20:12]}  Rxa2 {[%clk 1:28:25]} 19. Bh3 {[%clk 1:13:28]}  Ra5 {[%clk 1:17:50]} 20. Bxe6+ {[%clk 1:10:00]}  Kh8 {[%clk 1:18:08]} 21. Ng3 {[%clk 1:01:36]}  Nc7 {[%clk 1:17:56]} 22. Bc4 {[%clk 1:01:49]}  Qa8 {[%clk 1:17:42]} 23. Rhf1 {[%clk 0:56:29]}  Rxf1 {[%clk 1:16:23]} 24. Rxf1 {[%clk 0:56:51]}  Ra1+ {[%clk 1:16:48]} 25. Kc2 {[%clk 0:57:17]}  Rxf1 {[%clk 1:17:13]} 26. Bxf1 {[%clk 0:57:44]}  d5 {[%clk 1:17:40]} 27. Qf2 {[%clk 0:51:14]}  g6 {[%clk 1:17:35]} 28. h4 {[%clk 0:51:23]}  Qf8 {[%clk 1:17:02]} 29. Qxf8+ {[%clk 0:32:49]}  Nxf8 {[%clk 1:17:04]} 30. Bh3 {[%clk 0:33:17]}  dxe4 {[%clk 1:11:52]} 31. Nxe4 {[%clk 0:31:00]}  Nd5 {[%clk 1:11:31]} 32. Ba7 {[%clk 0:28:15]}  Nf4 {[%clk 0:51:31]} 33. Bc8 {[%clk 0:19:57]}  Ng2 {[%clk 0:44:22]} 34. Bf2 {[%clk 0:08:57]}  h6 {[%clk 0:43:32]} 35. Kd3 {[%clk 0:07:26]}  hxg5 {[%clk 0:40:35]} 36. Nxg5 {[%clk 0:04:06]}  Nh7 {[%clk 0:07:12]} 37. Nf3 {[%clk 0:00:38]}  Bd6 {[%clk 0:07:00]} 38. Bb7 {[%clk 0:00:37]}  Kg7 {[%clk 0:04:33]} 39. Kc4 {[%clk 0:00:52]}  Nf6 {[%clk 0:03:36]} 40. Ng5 {[%clk 0:00:33]}  Ng4 {[%clk 0:03:06]} 41. Bc5 {[%clk 0:21:37]}  N4e3+ {[%clk 0:29:35]} 42. Kxb4 {[%clk 0:20:25]}  Bxc5+ {[%clk 0:09:50]} 43. Kxc5 {[%clk 0:20:50]}  Nxh4 {[%clk 0:10:14]} 44. b4 {[%clk 0:20:58]}  Kf6 {[%clk 0:10:38]} 45. b5 {[%clk 0:20:34]}  Ke7 {[%clk 0:07:29]} 46. b6 {[%clk 0:20:35]}  Kd7 {[%clk 0:05:28]} 47. Bc6+ {[%clk 0:17:46]}  Kc8 {[%clk 0:05:54]} 48. Ne6 {[%clk 0:18:03]}  Ng4 {[%clk 0:03:56]} 49. b7+ {[%clk 0:18:21]}  Kb8 {[%clk 0:04:22]} 50. Kb6 {[%clk 0:18:45]} 1-0

[Event "45th FIDE Chess Olympiad Open"]
[Site "Budapest, Hungary"]
[Date "2024.09.20"]
[Round "9"]
[White "Gledura, Benjamin"]
[Black "Aronian, Levon"]
[Result "1/2-1/2"]
[Board "8"]
[WhiteFideId "712779"]
[BlackFideId "13300474"]
[WhiteTitle "GM"]
[BlackTitle "GM"]
[WhiteElo "2628"]
[BlackElo "2729"]
[WhiteTeam "Hungary"]
[BlackTeam "United States of America"]
[WhiteClock "0:22:48"]
[BlackClock "0:15:15"]
[Variant "Standard"]

1. d4 {[%clk 1:30:42]}  Nf6 {[%clk 1:30:55]} 2. c4 {[%clk 1:31:00]}  e6 {[%clk 1:31:20]} 3. Nc3 {[%clk 1:31:11]}  Bb4 {[%clk 1:31:37]} 4. Qc2 {[%clk 1:30:59]}  O-O {[%clk 1:31:17]} 5. a3 {[%clk 1:30:31]}  Bxc3+ {[%clk 1:31:20]} 6. Qxc3 {[%clk 1:30:55]}  d5 {[%clk 1:30:13]} 7. Bg5 {[%clk 1:30:52]}  h6 {[%clk 1:29:36]} 8. Bxf6 {[%clk 1:29:46]}  Qxf6 {[%clk 1:29:51]} 9. Nf3 {[%clk 1:30:04]}  dxc4 {[%clk 1:28:59]} 10. Qxc4 {[%clk 1:29:37]}  Nc6 {[%clk 1:28:59]} 11. Qc3 {[%clk 1:28:56]}  Re8 {[%clk 1:27:15]} 12. e3 {[%clk 1:19:40]}  e5 {[%clk 1:26:26]} 13. Nxe5 {[%clk 1:19:12]}  Nxe5 {[%clk 1:25:22]} 14. dxe5 {[%clk 1:19:36]}  Qxe5 {[%clk 1:24:33]} 15. Qxe5 {[%clk 1:19:39]}  Rxe5 {[%clk 1:24:59]} 16. Rc1 {[%clk 1:17:01]}  c5 {[%clk 1:23:02]} 17. g3 {[%clk 0:59:50]}  Be6 {[%clk 1:20:37]} 18. Be2 {[%clk 0:54:40]}  Rd8 {[%clk 1:16:07]} 19. Bc4 {[%clk 0:39:02]}  Bh3 {[%clk 0:59:45]} 20. Rd1 {[%clk 0:37:45]}  Rde8 {[%clk 0:53:53]} 21. Bb5 {[%clk 0:35:50]}  Rb8 {[%clk 0:52:23]} 22. Ke2 {[%clk 0:35:11]}  a6 {[%clk 0:51:54]} 23. Bd7 {[%clk 0:32:32]}  Bg2 {[%clk 0:51:45]} 24. Rhe1 {[%clk 0:31:34]}  Be4 {[%clk 0:41:54]} 25. f3 {[%clk 0:30:47]}  Bc2 {[%clk 0:40:18]} 26. Rd2 {[%clk 0:30:48]}  Bb3 {[%clk 0:39:42]} 27. e4 {[%clk 0:30:04]}  g6 {[%clk 0:34:28]} 28. Ke3 {[%clk 0:26:15]}  Rd8 {[%clk 0:30:44]} 29. h4 {[%clk 0:24:26]}  Kg7 {[%clk 0:21:43]} 30. Bh3 {[%clk 0:23:33]}  Ree8 {[%clk 0:20:36]} 31. Ree2 {[%clk 0:22:48]}  Ba4 {[%clk 0:15:15]} 1/2-1/2

[Event "45th FIDE Chess Olympiad Open"]
[Site "Budapest, Hungary"]
[Date "2024.09.20"]
[Round "9"]
[White "Ding, Liren"]
[Black "Maghsoodloo, Parham"]
[Result "1/2-1/2"]
[Board "9"]
[WhiteFideId "8603677"]
[BlackFideId "12539929"]
[WhiteTitle "GM"]
[BlackTitle "GM"]
[WhiteElo "2736"]
[BlackElo "2723"]
[WhiteTeam "China"]
[BlackTeam "Iran"]
[WhiteClock "0:16:59"]
[BlackClock "0:29:35"]
[Variant "Standard"]

1. Nf3 {[%clk 1:30:56]}  Nf6 {[%clk 1:30:22]} 2. c4 {[%clk 1:31:21]}  e6 {[%clk 1:30:43]} 3. g3 {[%clk 1:31:47]}  d5 {[%clk 1:31:04]} 4. Bg2 {[%clk 1:32:12]}  a6 {[%clk 1:26:18]} 5. b3 {[%clk 1:26:00]}  d4 {[%clk 1:21:20]} 6. O-O {[%clk 1:26:16]}  c5 {[%clk 1:16:26]} 7. e3 {[%clk 1:16:23]}  Nc6 {[%clk 1:16:36]} 8. d3 {[%clk 1:16:50]}  h6 {[%clk 1:11:52]} 9. Re1 {[%clk 1:11:55]}  Bd6 {[%clk 0:58:33]} 10. exd4 {[%clk 0:57:54]}  cxd4 {[%clk 0:58:40]} 11. Bb2 {[%clk 0:58:07]}  O-O {[%clk 0:57:01]} 12. Nbd2 {[%clk 0:55:18]}  e5 {[%clk 0:55:27]} 13. c5 {[%clk 0:55:45]}  Bc7 {[%clk 0:55:53]} 14. Nc4 {[%clk 0:55:52]}  Re8 {[%clk 0:55:56]} 15. b4 {[%clk 0:55:23]}  Bf5 {[%clk 0:52:24]} 16. Qb3 {[%clk 0:41:14]}  Be6 {[%clk 0:48:56]} 17. a4 {[%clk 0:37:21]}  Rc8 {[%clk 0:38:00]} 18. Nfd2 {[%clk 0:33:51]}  Bd5 {[%clk 0:33:39]} 19. Ba3 {[%clk 0:32:15]}  Bxg2 {[%clk 0:31:31]} 20. Kxg2 {[%clk 0:32:41]}  Qd5+ {[%clk 0:32:00]} 21. Ne4 {[%clk 0:32:35]}  Nd7 {[%clk 0:22:43]} 22. Na5 {[%clk 0:28:46]}  Qxb3 {[%clk 0:23:08]} 23. Nxb3 {[%clk 0:29:14]}  f5 {[%clk 0:23:33]} 24. Ned2 {[%clk 0:27:46]}  b5 {[%clk 0:22:23]} 25. cxb6 {[%clk 0:27:43]}  Nxb6 {[%clk 0:22:51]} 26. Nc5 {[%clk 0:27:47]}  Nb8 {[%clk 0:22:08]} 27. b5 {[%clk 0:23:43]}  axb5 {[%clk 0:17:29]} 28. axb5 {[%clk 0:24:07]}  Kf7 {[%clk 0:11:35]} 29. h4 {[%clk 0:20:41]}  N8d7 {[%clk 0:08:22]} 30. Nxd7 {[%clk 0:19:57]}  Nxd7 {[%clk 0:08:50]} 31. Nc4 {[%clk 0:20:19]}  Ke6 {[%clk 0:08:17]} 32. f4 {[%clk 0:02:30]}  Kd5 {[%clk 0:02:57]} 33. fxe5 {[%clk 0:02:56]}  Nxe5 {[%clk 0:03:24]} 34. b6 {[%clk 0:03:05]}  Bb8 {[%clk 0:03:53]} 35. b7 {[%clk 0:03:16]}  Rcd8 {[%clk 0:03:56]} 36. Nxe5 {[%clk 0:01:02]}  Rxe5 {[%clk 0:04:26]} 37. Rxe5+ {[%clk 0:01:03]}  Kxe5 {[%clk 0:04:49]} 38. Bc1 {[%clk 0:00:49]}  Kd5 {[%clk 0:04:42]} 39. Ra5+ {[%clk 0:01:16]}  Kc6 {[%clk 0:05:06]} 40. Rxf5 {[%clk 0:01:40]}  Rd7 {[%clk 0:05:22]} 41. Bf4 {[%clk 0:27:06]}  Rxb7 {[%clk 0:34:03]} 42. Bxb8 {[%clk 0:27:27]}  Rxb8 {[%clk 0:34:31]} 43. Rf7 {[%clk 0:27:34]}  g5 {[%clk 0:30:27]} 44. Rf6+ {[%clk 0:21:44]}  Kc5 {[%clk 0:30:50]} 45. h5 {[%clk 0:22:05]}  Rb3 {[%clk 0:29:23]} 46. Rxh6 {[%clk 0:22:21]}  Rxd3 {[%clk 0:29:51]} 47. Rg6 {[%clk 0:18:18]}  Rd2+ {[%clk 0:29:56]} 48. Kf3 {[%clk 0:18:44]}  Rh2 {[%clk 0:30:03]} 49. Kg4 {[%clk 0:15:25]}  d3 {[%clk 0:30:02]} 50. Rg8 {[%clk 0:15:52]}  d2 {[%clk 0:29:21]} 51. Rd8 {[%clk 0:15:48]}  Kc4 {[%clk 0:29:47]} 52. Kxg5 {[%clk 0:13:57]}  Kc3 {[%clk 0:30:10]} 53. h6 {[%clk 0:13:50]}  Rh1 {[%clk 0:27:25]} 54. g4 {[%clk 0:14:14]}  d1=Q {[%clk 0:27:49]} 55. Rxd1 {[%clk 0:14:43]}  Rxd1 {[%clk 0:28:11]} 56. h7 {[%clk 0:15:11]}  Rh1 {[%clk 0:28:26]} 57. Kg6 {[%clk 0:15:38]}  Kd4 {[%clk 0:28:40]} 58. Kg7 {[%clk 0:16:04]}  Ke5 {[%clk 0:29:06]} 59. g5 {[%clk 0:16:31]}  Kf5 {[%clk 0:29:14]} 60. g6 {[%clk 0:16:59]}  Rh2 {[%clk 0:29:35]} 1/2-1/2

[Event "45th FIDE Chess Olympiad Open"]
[Site "Budapest, Hungary"]
[Date "2024.09.20"]
[Round "9"]
[White "Yu, Yangyi"]
[Black "Daneshvar, Bardiya"]
[Result "1/2-1/2"]
[Board "11"]
[WhiteFideId "8603820"]
[BlackFideId "12576468"]
[WhiteTitle "GM"]
[BlackTitle "GM"]
[WhiteElo "2703"]
[BlackElo "2598"]
[WhiteTeam "China"]
[BlackTeam "Iran"]
[WhiteClock "0:09:55"]
[BlackClock "0:25:16"]
[Variant "Standard"]

1. c4 {[%clk 1:30:55]}  c6 {[%clk 1:30:57]} 2. d4 {[%clk 1:30:48]}  d5 {[%clk 1:31:23]} 3. Nf3 {[%clk 1:31:08]}  Nf6 {[%clk 1:31:49]} 4. e3 {[%clk 1:30:43]}  Bf5 {[%clk 1:32:13]} 5. Nc3 {[%clk 1:30:30]}  e6 {[%clk 1:32:39]} 6. Nh4 {[%clk 1:30:05]}  Be4 {[%clk 1:33:03]} 7. f3 {[%clk 1:29:14]}  Bg6 {[%clk 1:33:29]} 8. Bd2 {[%clk 1:28:46]}  Nbd7 {[%clk 1:33:55]} 9. Nxg6 {[%clk 1:21:30]}  hxg6 {[%clk 1:34:18]} 10. cxd5 {[%clk 1:12:51]}  Nxd5 {[%clk 1:33:53]} 11. Nxd5 {[%clk 1:04:52]}  exd5 {[%clk 1:30:36]} 12. Qc2 {[%clk 1:03:49]}  Qc7 {[%clk 1:26:36]} 13. O-O-O {[%clk 1:03:47]}  O-O-O {[%clk 1:19:28]} 14. e4 {[%clk 0:58:53]}  dxe4 {[%clk 1:17:26]} 15. fxe4 {[%clk 0:56:46]}  Rxh2 {[%clk 1:12:59]} 16. Rxh2 {[%clk 0:53:28]}  Qxh2 {[%clk 1:13:17]} 17. Bc4 {[%clk 0:52:27]}  f6 {[%clk 1:10:50]} 18. Be6 {[%clk 0:46:07]}  Qd6 {[%clk 1:03:53]} 19. d5 {[%clk 0:39:17]}  Kb8 {[%clk 0:57:35]} 20. Kb1 {[%clk 0:35:16]}  Qc7 {[%clk 0:50:15]} 21. dxc6 {[%clk 0:29:37]}  bxc6 {[%clk 0:46:39]} 22. Bc3 {[%clk 0:25:28]}  Nc5 {[%clk 0:44:20]} 23. Bg4 {[%clk 0:20:10]}  Rxd1+ {[%clk 0:43:42]} 24. Bxd1 {[%clk 0:20:34]}  Bd6 {[%clk 0:41:52]} 25. Bd4 {[%clk 0:20:40]}  Nb7 {[%clk 0:39:25]} 26. Qc4 {[%clk 0:18:19]}  Be5 {[%clk 0:36:35]} 27. Bxe5 {[%clk 0:17:39]}  fxe5 {[%clk 0:34:27]} 28. Ba4 {[%clk 0:17:06]}  Nd8 {[%clk 0:33:32]} 29. Qc5 {[%clk 0:11:11]}  Kb7 {[%clk 0:32:25]} 30. Bb3 {[%clk 0:11:10]}  Qb6 {[%clk 0:29:15]} 31. Qe7+ {[%clk 0:11:38]}  Kc8 {[%clk 0:28:17]} 32. Be6+ {[%clk 0:09:55]}  Nxe6 {[%clk 0:25:16]} 1/2-1/2